000 00725nam a22002297a 4500
003 BD-DhJNU
005 20250415053542.0
008 250415b |||||||| |||| 00| 0 eng d
020 _a0750707038
020 _a0203375203
040 _aBD-DhJNU
_bENG
_cBD-DhJNU
_dBD-DhJNU
082 _223
_a305.23
245 _aConstructing and reconstructing childhood :
_bcontemporary issues in the sociological study of childhood /
_cEdited by Allison James and Alan Prout
250 _a2nd ed.
260 _aLondon :
_bFalmer Press,
_c2005.
300 _axvi, 257 p. :
_bill. ;
_c25 cm.
504 _aincludes index
650 _aChildhood
700 _aJames, Allison
_eEditor
700 _aProut, Alan
_eEditor
942 _2ddc
_cBK
_n0
999 _c1579
_d1579